000 00721nam a2200289Ia 4500
005 20260324120047.0
008 008 260324s9999 xx 000 0 eng d
020 _a9780429471742
037 _aEBOOK
040 _aCRL
040 _beng
040 _cCRL
041 _2eng
041 _aeng
084 _qCRL
100 _aP.C. Sandler
_91157022
245 3 _aAn Introduction to W.R. Bion's 'A Memoir of the Future'
245 0 _bAuthoritative, Not Authoritarian, Psychoanalysis
260 _bTaylor and Francis
260 _c2015
365 _a
365 _b205
856 _uhttp://www.taylorfrancis.com/books/9780429471742
942 _cEBOOK
999 _c1748388
_d1748388